Fyzika úlohy a testy I
Salvato in:
| Autori principali: | , |
|---|---|
| Natura: | Libro |
| Lingua: | slovacco |
| Pubblicazione: |
V Bratislave
Slovenská technická univerzita
2010
|
| Edizione: | 1. vyd. |
| Serie: | Edícia skrípt
|
| Soggetti: | |
| Accesso online: | Visualizza in OPAC |
| Tags: |
Nessun Tag, puoi essere il primo ad aggiungerne!!
|
MARC
| LEADER | 00000nam a2200000 a 4500 | ||
|---|---|---|---|
| 005 | 20260127134127.0 | ||
| 008 | 191130s2010 xo l f p 000 0 slo | ||
| 015 | |a SNBA2010/05-02578 | ||
| 020 | |a 9788022732550 |q (brož.) | ||
| 035 | |a vtls010080183 | ||
| 035 | |a urn:nbn:sk:snk-am00a083 | ||
| 035 | |a urn:nbn:sk:snk-am3hbyb | ||
| 035 | |a B48D1F7B-B00F-412F-9C7D-D81271EE4227 | ||
| 039 | 9 | |a 201911301952 |b VLOAD |c 201807301501 |d VLOAD |c 201605020846 |d VLOAD |c 201604290704 |d VLOAD |y 201003261151 |z mschk03 | |
| 040 | |a STUSCHK1 |b slo |c STUSCHK1 |d SNK |d SVKBB |e AACR2 | ||
| 041 | 0 | |a slo | |
| 044 | |a xo |c SK | ||
| 072 | 7 | |a 53 |x Fyzika |2 konspekt | |
| 080 | |a 53 |2 2001 | ||
| 080 | |a (075.8) |2 2001 | ||
| 080 | |a (079.1) |2 2001 | ||
| 100 | 1 | |a Lukeš, Vladimír | |
| 245 | 1 | 0 | |a Fyzika |b úlohy a testy |n I |c Vladimír Lukeš, Erik Klein |
| 250 | |a 1. vyd. | ||
| 260 | |a V Bratislave |b Slovenská technická univerzita |c 2010 | ||
| 300 | |a 167 s. |b sch. |c 25 cm |e 1sch. na voľ. príl. | ||
| 490 | 1 | |a Edícia skrípt | |
| 504 | |a Bibliogr. s. 162 | ||
| 650 | 0 | 7 | |a fyzika |2 SNKPH |
| 655 | 7 | |a učebnice vysokých škôl |2 SNKPH | |
| 655 | 7 | |a testy |2 SNKPH | |
| 700 | 1 | |a Klein, Erik |4 aut | |
| 810 | 2 | |a Slovenská technická univerzita. |t Edícia skrípt | |
| 910 | |a SCHK95 | ||
| 910 | |a snk | ||
| 910 | |a svkbb | ||
| 919 | |a 978-80-227-3255-0 | ||
| 958 | |a OND | ||
| 958 | |a NB | ||
| 968 | |d 53+54 | ||
| 980 | |a 53 |x (075.8) |x (079.1) |2 2001 | ||
| 999 | |c 4710 |d 4710 | ||
| 942 | 0 | 0 | |0 34 |